Premiéra zeleného plynu

Na Slovensku, pri Krupine, vznikne prvá výrobňa biometánu v krajine.

Gespeichert in:
Bibliographische Detailangaben
1. Verfasser: Haluza, Ivan
Format: Buchkapitel
Sprache:Slowakisch
Schlagworte:
Tags: Tag hinzufügen
Keine Tags, Fügen Sie das erste Tag hinzu!

MARC

LEADER 00000naa a2200000 4500
001 0150727
005 20231113075626.4
041 0 |a slo 
044 |a SK 
245 1 0 |a Premiéra zeleného plynu  |c Ivan Haluza 
520 |a Na Slovensku, pri Krupine, vznikne prvá výrobňa biometánu v krajine. 
610 2 0 |a bioenergetika 
610 2 0 |a bioplyn 
610 2 0 |a zdroje energie obnoviteľné 
610 2 0 |a Slovensko 
100 1 |a Haluza, Ivan